[Event "Teteven op 32nd"]
[Site "Teteven"]
[Date "2018.08.17"]
[Round "7"]
[White "Ignatov, Georgi"]
[Black "Galunov, Todor"]
[Result "0-1"]
[WhiteElo "1807"]
[BlackElo "2314"]
[PlyCount "100"]
[EventDate "2018.08.11"]
[EventType "swiss"]
[EventRounds "9"]
[EventCountry "BUL"]
[SourceTitle "CBM 186 Extra"]
[Source "ChessBase"]
[SourceDate "2018.08.24"]
[SourceVersion "1"]
[SourceVersionDate "2018.08.24"]
[SourceQuality "1"]

1. e4 e5 2. Bc4 Nc6 3. Nf3 Bc5 4. c3 Nf6 5. d4 exd4 6. cxd4 Bb4+ 7. Nc3 Nxe4 8. 0-0 Bxc3 9. d5 Bf6 10. Re1 Ne7 11. Rxe4 d6 12. Bg5 Bxg5 13. Nxg5 h6 14. Bb5+ Kf8 15. Ne6+ Bxe6 16. dxe6 c6 17. Qf3 f6 18. Bd3 d5 19. Rf4 Nc8 20. Re1 Qe7 21. Bg6 Nd6 22. h4 Kg8 23. g4 Rf8 24. g5 hxg5 25. hxg5 f5 26. Qg3 Ne4 27. Bf7+ Rxf7 28. exf7+ Qxf7 29. g6 Qf6 30. Rfxe4 fxe4 31. Qb8+ Qf8 32. Qxb7 Qe8 33. Re3 Rh6 34. Ra3 Qxg6+ 35. Rg3 Qf6 36. Qc8+ Kh7 37. Rh3 Rxh3 38. Qxh3+ Kg6 39. Kf1 Qxb2 40. Qg4+ Kf6 41. Qf4+ Ke6 42. Qg4+ Kd6 43. Qg3+ Kd7 44. Qg4+ Kc7 45. Qf4+ Kb7 46. Qd6 Qa1+ 47. Kg2 Qxa2 48. Qe7+ Kb6 49. Qd8+ Kb5 50. Qb8+ Kc4 0-1

[Event "Teteven op 32nd"]
[Site "Teteven"]
[Date "2018.08.14"]
[Round "4"]
[White "Galunov, Todor"]
[Black "Dimitrov, Petko"]
[Result "1-0"]
[WhiteElo "2314"]
[BlackElo "2151"]
[PlyCount "67"]
[EventDate "2018.08.11"]
[EventType "swiss"]
[EventRounds "9"]
[EventCountry "BUL"]
[SourceTitle "CBM 186 Extra"]
[Source "ChessBase"]
[SourceDate "2018.08.24"]
[SourceVersion "1"]
[SourceVersionDate "2018.08.24"]
[SourceQuality "1"]

1. Nf3 Nf6 2. g3 c5 3. Bg2 g6 4. c4 Bg7 5. Nc3 0-0 6. 0-0 d5 7. cxd5 Nxd5 8. Nxd5 Qxd5 9. d3 Nc6 10. Be3 Qh5 11. Rc1 b6 12. Ng5 Bg4 13. Bxc6 Bxe2 14. Qd2 Rac8 15. Rfe1 Bg4 16. Bg2 h6 17. h3 hxg5 18. hxg4 Qxg4 19. Rc4 Qd7 20. Bxg5 Rfe8 21. b4 Bd4 22. bxc5 bxc5 23. Be3 e5 24. Rec1 Qd6 25. Bf3 Re7 26. Kg2 Rec7 27. Bxd4 exd4 28. Qh6 Qe5 29. Rh1 Re8 30. Qh7+ Kf8 31. Rc2 Re6 32. Re2 Qf6 33. Rxe6 Qxe6 34. Qh8+ 1-0

[Event "Primorsko op"]
[Site "Primorsko"]
[Date "2016.09.25"]
[Round "9"]
[White "Popchev, Milko"]
[Black "Galunov, Todor"]
[Result "0-1"]
[WhiteElo "2281"]
[BlackElo "2269"]
[PlyCount "56"]
[EventDate "2016.09.18"]
[EventType "swiss"]
[EventRounds "9"]
[EventCountry "BUL"]
[SourceTitle "CBM 174 Extra"]
[Source "ChessBase"]
[SourceDate "2016.10.10"]
[SourceVersion "1"]
[SourceVersionDate "2016.10.10"]
[SourceQuality "1"]

1. Nf3 f5 2. g3 Nf6 3. Bg2 g6 4. 0-0 Bg7 5. c4 0-0 6. Nc3 d6 7. b3 e5 8. Bb2 Nc6 9. d4 e4 10. Ne1 g5 11. Nc2 Ne7 12. e3 Ng6 13. f3 exf3 14. Qxf3 c6 15. Kh1 Qe7 16. Rad1 f4 17. exf4 Bg4 18. Qf2 Bxd1 19. Rxd1 gxf4 20. gxf4 Ng4 21. Qg3 Rxf4 22. Re1 Qh4 23. Ne4 Nf2+ 24. Kg1 Nxe4 25. Qxh4 Nxh4 26. Bxe4 Nf3+ 27. Bxf3 Rxf3 28. Re7 Rf7 0-1

[Event "Primorsko op"]
[Site "Primorsko"]
[Date "2016.09.19"]
[Round "2"]
[White "Spasov, Vasil"]
[Black "Galunov, Todor"]
[Result "1/2-1/2"]
[WhiteElo "2544"]
[BlackElo "2269"]
[PlyCount "54"]
[EventDate "2016.09.18"]
[EventType "swiss"]
[EventRounds "9"]
[EventCountry "BUL"]
[SourceTitle "CBM 174 Extra"]
[Source "ChessBase"]
[SourceDate "2016.10.10"]
[SourceVersion "1"]
[SourceVersionDate "2016.10.10"]
[SourceQuality "1"]

1. e4 e5 2. Nc3 Nf6 3. g3 d5 4. exd5 Nxd5 5. Bg2 Nxc3 6. bxc3 Nc6 7. Nf3 Bc5 8. 0-0 0-0 9. d3 h6 10. Be3 Bb6 11. Re1 Re8 12. c4 Bf5 13. h3 Qd7 14. g4 Bg6 15. Nd2 Qe7 16. Rb1 Rab8 17. Nb3 Bxe3 18. Rxe3 Qa3 19. Qc1 Qd6 20. Nd2 b6 21. Rb5 Nd4 22. Rd5 Qf6 23. Nf3 Nxf3+ 24. Rxf3 Qe7 25. Re3 f6 26. Rb5 Qd6 27. a4 Red8 1/2-1/2

[Event "Teteven op 30th"]
[Site "Teteven"]
[Date "2015.08.12"]
[Round "4"]
[White "Georgiev, Todor"]
[Black "Galunov, Todor"]
[Result "1/2-1/2"]
[WhiteElo "2170"]
[BlackElo "2278"]
[PlyCount "35"]
[EventDate "2015.08.10"]
[EventType "swiss"]
[EventRounds "9"]
[EventCountry "BUL"]
[SourceTitle "CBM 167 Extra"]
[Source "ChessBase"]
[SourceDate "2015.09.14"]
[SourceVersion "1"]
[SourceVersionDate "2015.09.14"]
[SourceQuality "1"]

1. Nf3 Nf6 2. d4 d5 3. e3 g6 4. b3 Bg7 5. Bb2 0-0 6. Be2 c5 7. 0-0 cxd4 8. exd4 Nc6 9. c4 Bg4 10. Nbd2 Ne4 11. cxd5 Nxd2 12. Qxd2 Qxd5 13. h3 Bxf3 14. Bxf3 Qd6 15. Rac1 Nxd4 16. Bxd4 Bxd4 17. Bxb7 Rab8 18. Bf3 1/2-1/2

[Event "Plovdiv Tringov Memorial 36th"]
[Site "Plovdiv"]
[Date "2014.02.09"]
[Round "9"]
[White "Galunov, Todor"]
[Black "Djukic, Sandra"]
[Result "1/2-1/2"]
[WhiteElo "2332"]
[BlackElo "2157"]
[PlyCount "104"]
[EventDate "2014.02.02"]
[EventType "swiss"]
[EventRounds "9"]
[EventCountry "BUL"]
[SourceTitle "CBM 158 Extra"]
[Source "ChessBase"]
[SourceDate "2014.02.28"]
[SourceVersion "1"]
[SourceVersionDate "2014.02.28"]
[SourceQuality "1"]

1. Nf3 Nf6 2. g3 b6 3. Bg2 Bb7 4. 0-0 e6 5. c4 c5 6. Nc3 d6 7. b3 Be7 8. Bb2 a6 9. d4 cxd4 10. Nxd4 Bxg2 11. Kxg2 Qc7 12. e3 Nbd7 13. f4 Qb7+ 14. Qf3 Qxf3+ 15. Kxf3 Rc8 16. g4 h6 17. Rad1 Nc5 18. Rd2 0-0 19. Rfd1 Rfe8 20. h4 g5 21. hxg5 hxg5 22. Rh2 Bf8 23. Rdh1 Bg7 24. fxg5 Nfd7 25. Rh7 Nd3 26. Ba1 N3e5+ 27. Kg3 Red8 28. Ne4 Nc5 29. Nxc5 Rxc5 30. Nf3 Rdc8 31. Bd4 b5 32. Bxc5 Rxc5 33. cxb5 axb5 34. Nxe5 Bxe5+ 35. Kf3 Bg7 36. R7h2 b4 37. Rd2 d5 38. Rhh2 Bc3 39. Rc2 Kg7 40. Rh6 Ra5 41. Rh5 Kg6 42. Rh6+ Kg7 43. Rhh2 Be5 44. Rc1 Bc3 45. Rch1 Kg6 46. Rh6+ Kg7 47. R6h3 Kg6 48. Rh5 Bg7 49. Kg3 Be5+ 50. Kf3 Bg7 51. Kg3 Be5+ 52. Kf3 Bg7 1/2-1/2

[Event "BUL-chT GpB 63rd"]
[Site "Sunny Beach"]
[Date "2013.09.22"]
[Round "6.1"]
[White "Filev, Georgi"]
[Black "Galunov, Todor"]
[Result "1-0"]
[WhiteElo "2324"]
[BlackElo "2345"]
[PlyCount "68"]
[EventDate "2013.09.19"]
[EventType "team-tourn"]
[EventRounds "9"]
[EventCountry "BUL"]
[SourceTitle "CBM 156 Extra"]
[Source "ChessBase"]
[SourceDate "2013.10.22"]
[SourceVersion "1"]
[SourceVersionDate "2013.10.22"]
[SourceQuality "1"]
[WhiteTeam "Sofia CSKA"]
[BlackTeam "Blagoevgrad Victory"]
[WhiteTeamCountry "BUL"]
[BlackTeamCountry "BUL"]

1. e4 e6 2. d4 d5 3. Nc3 Nf6 4. e5 Nfd7 5. f4 c5 6. Nf3 Nc6 7. Be3 Qb6 8. Na4 Qa5+ 9. c3 cxd4 10. b4 Nxb4 11. cxb4 Bxb4+ 12. Bd2 Bxd2+ 13. Nxd2 0-0 14. Be2 b5 15. Nb2 Nb6 16. 0-0 Nc4 17. Ndxc4 dxc4 18. Bf3 Rb8 19. Qxd4 c3 20. Nd3 Rd8 21. Qb4 Qxb4 22. Nxb4 Bd7 23. a3 Rdc8 24. Rfd1 Be8 25. Na6 Rb6 26. Rd6 Rc4 27. Rxb6 axb6 28. g3 f6 29. exf6 gxf6 30. f5 c2 31. Rc1 Rc3 32. Kf2 exf5 33. Nb4 Rxa3 34. Rxc2 Bf7 1-0

[Event "Veliko Tarnovo op"]
[Site "Veliko Tarnovo"]
[Date "2013.05.03"]
[Round "5"]
[White "Dimitrov, Radoslav"]
[Black "Galunov, Todor"]
[Result "1-0"]
[WhiteElo "2427"]
[BlackElo "2342"]
[PlyCount "91"]
[EventDate "2013.05.01"]
[EventType "swiss"]
[EventRounds "9"]
[EventCountry "BUL"]
[SourceTitle "CBM 154 Extra"]
[Source "ChessBase"]
[SourceDate "2013.06.25"]
[SourceVersion "2"]
[SourceVersionDate "2013.06.25"]
[SourceQuality "1"]

1. d4 Nf6 2. c4 g6 3. Nc3 Bg7 4. Nf3 0-0 5. Bg5 d6 6. e3 Nbd7 7. Be2 h6 8. Bh4 g5 9. Bg3 Nh5 10. Qc2 e6 11. 0-0-0 a6 12. Nd2 Nxg3 13. hxg3 c5 14. dxc5 Nxc5 15. Nde4 Nxe4 16. Nxe4 d5 17. f4 g4 18. cxd5 Qb6 19. Nf6+ Bxf6 20. Rxh6 Qxb2+ 21. Qxb2 Bxb2+ 22. Kxb2 exd5 23. Rxd5 Kg7 24. Rb6 Re8 25. f5 Rxe3 26. Bxg4 Rxg3 27. Bh3 a5 28. Rd8 f6 29. Rdd6 Ra6 30. Rxa6 bxa6 31. Rd8 Bxf5 32. Bxf5 Rxg2+ 33. Ka3 Rf2 34. Rd5 a4 35. Bc8 Kg6 36. Bxa6 f5 37. Bd3 Kf6 38. Bc4 Rf4 39. Bb5 Rf2 40. Bxa4 f4 41. Bb5 f3 42. Rd3 Ke5 43. Bc6 Kf4 44. Rxf3+ Rxf3+ 45. Bxf3 Kxf3 46. Kb4 1-0

[Event "BUL-ch sf 76th"]
[Site "Plovdiv"]
[Date "2012.02.12"]
[Round "9"]
[White "Milchev, Nikolay"]
[Black "Galunov, Todor"]
[Result "1-0"]
[WhiteElo "2434"]
[BlackElo "2320"]
[PlyCount "75"]
[EventDate "2012.02.06"]
[EventType "swiss"]
[EventRounds "9"]
[EventCountry "BUL"]
[SourceTitle "CBM 146 Extra"]
[Source "ChessBase"]
[SourceDate "2012.02.29"]
[SourceVersion "1"]
[SourceVersionDate "2012.02.29"]
[SourceQuality "1"]

1. Nf3 Nf6 2. c4 c6 3. b3 g6 4. Bb2 Bg7 5. g3 d5 6. Bg2 Qb6 7. Qc2 0-0 8. 0-0 Bg4 9. h3 Bxf3 10. Bxf3 Nbd7 11. d3 e5 12. Bg2 Rfe8 13. Nc3 d4 14. Na4 Qc7 15. b4 Rac8 16. Bc1 a5 17. bxa5 Qxa5 18. Bd2 Qa7 19. Rfb1 Ra8 20. Nb2 Nc5 21. Bb4 Bf8 22. a4 Ne6 23. Be1 Nc5 24. a5 e4 25. Na4 exd3 26. exd3 Nxa4 27. Rxa4 Nd7 28. Ra2 Nc5 29. Bb4 Re6 30. Bf1 Rae8 31. Qb2 Bg7 32. Bxc5 Qxc5 33. Qxb7 Re1 34. Rxe1 Rxe1 35. a6 Qf5 36. Re2 Ra1 37. Re8+ Bf8 38. Qe7 1-0

[Event "BUL-ch sf 76th"]
[Site "Plovdiv"]
[Date "2012.02.09"]
[Round "6"]
[White "Galunov, Todor"]
[Black "Pantev, Veselin"]
[Result "1/2-1/2"]
[WhiteElo "2320"]
[BlackElo "2389"]
[PlyCount "46"]
[EventDate "2012.02.06"]
[EventType "swiss"]
[EventRounds "9"]
[EventCountry "BUL"]
[SourceTitle "CBM 146 Extra"]
[Source "ChessBase"]
[SourceDate "2012.02.29"]
[SourceVersion "1"]
[SourceVersionDate "2012.02.29"]
[SourceQuality "1"]

1. d4 Nf6 2. c4 g6 3. Nc3 Bg7 4. e4 d6 5. Nf3 0-0 6. Be2 e5 7. 0-0 Nc6 8. d5 Ne7 9. Ne1 Nd7 10. Nd3 f5 11. f3 Nf6 12. g4 f4 13. h4 h5 14. g5 Nh7 15. Bd2 Nxg5 16. hxg5 Nxd5 17. cxd5 Qxg5+ 18. Kh1 Qh4+ 19. Kg1 Qg3+ 20. Kh1 Qh3+ 21. Kg1 Qg3+ 22. Kh1 Qh3+ 23. Kg1 Qg3+ 1/2-1/2

[Event "BUL-ch sf 76th"]
[Site "Plovdiv"]
[Date "2012.02.07"]
[Round "3"]
[White "Galunov, Todor"]
[Black "Tsvetkov, Ilia"]
[Result "1/2-1/2"]
[WhiteElo "2320"]
[BlackElo "2374"]
[PlyCount "82"]
[EventDate "2012.02.06"]
[EventType "swiss"]
[EventRounds "9"]
[EventCountry "BUL"]
[SourceTitle "CBM 146 Extra"]
[Source "ChessBase"]
[SourceDate "2012.02.29"]
[SourceVersion "1"]
[SourceVersionDate "2012.02.29"]
[SourceQuality "1"]

1. Nf3 d5 2. g3 c6 3. Bg2 Bg4 4. c4 e6 5. Ne5 Bf5 6. cxd5 exd5 7. Qb3 Nd7 8. e4 Nxe5 9. exf5 Qb6 10. Qe3 Kd7 11. 0-0 Qxe3 12. dxe3 Nd3 13. Nc3 Nxc1 14. Raxc1 Nf6 15. Rfd1 Bd6 16. e4 dxe4 17. g4 h6 18. h4 Rad8 19. g5 hxg5 20. hxg5 Ng4 21. Nxe4 Kc7 22. Nxd6 Rxd6 23. Rxd6 Kxd6 24. Rd1+ Kc7 25. Re1 Kd6 26. Rd1+ Kc7 27. Re1 Kd6 28. f4 f6 29. Bf3 Rh4 30. Kg2 fxg5 31. Re6+ Kd7 32. fxg5 g6 33. Rxg6 Ne3+ 34. Kf2 Nxf5 35. Rf6 Ne7 36. Kg3 Rd4 37. g6 Nxg6 38. Rxg6 Rd2 39. Rg7+ Kc8 40. b4 Rxa2 41. b5 cxb5 1/2-1/2

[Event "BUL-chT2"]
[Site "Albena"]
[Date "2011.06.05"]
[Round "6.4"]
[White "Galunov, Todor"]
[Black "Trichkov, Vasil"]
[Result "1-0"]
[WhiteElo "2330"]
[BlackElo "2328"]
[PlyCount "55"]
[EventDate "2011.06.02"]
[EventType "team-tourn"]
[EventRounds "9"]
[EventCountry "BUL"]
[SourceTitle "CBM 142 Extra"]
[Source "ChessBase"]
[SourceDate "2011.06.27"]
[SourceVersion "1"]
[SourceVersionDate "2011.06.27"]
[SourceQuality "1"]
[WhiteTeam "Shumen 2005"]
[BlackTeam "Sofia Slavia"]
[WhiteTeamCountry "BUL"]
[BlackTeamCountry "BUL"]

1. Nf3 c5 2. g3 d5 3. Bg2 Nc6 4. d4 Nf6 5. 0-0 e6 6. c4 dxc4 7. Ne5 Nxe5 8. dxe5 Qxd1 9. Rxd1 Nd7 10. f4 Rb8 11. a4 Be7 12. Na3 c3 13. bxc3 f6 14. Nb5 a6 15. Na7 Nb6 16. Rb1 Nxa4 17. Bc6+ Kf7 18. Bxa4 b5 19. Nxc8 Rhxc8 20. Bc2 c4 21. Ra1 fxe5 22. fxe5 Rb6 23. Rd7 Ke8 24. Ra7 b4 25. Ba4+ Kf8 26. Be3 Rb5 27. Bxb5 axb5 28. Ra8 1-0

[Event "Kesarovski Georgiev Memorial 9th"]
[Site "Sunny Beach"]
[Date "2010.09.05"]
[Round "9"]
[White "Nikolaou, Georgios"]
[Black "Galunov, Todor"]
[Result "1/2-1/2"]
[WhiteElo "2275"]
[BlackElo "2341"]
[PlyCount "81"]
[EventDate "2010.08.28"]
[EventType "swiss"]
[EventRounds "9"]
[EventCountry "BUL"]
[SourceTitle "CBM 138 Extra"]
[Source "ChessBase"]
[SourceDate "2010.10.29"]
[SourceVersion "1"]
[SourceVersionDate "2010.10.29"]
[SourceQuality "1"]

1. Nf3 Nf6 2. c4 g6 3. g3 Bg7 4. Bg2 0-0 5. 0-0 d6 6. d4 Nc6 7. d5 Na5 8. Qa4 c5 9. dxc6 Nxc6 10. Nc3 Bf5 11. Bd2 Qd7 12. Rac1 Rfc8 13. Rfd1 Bh3 14. b3 Bxg2 15. Kxg2 Qf5 16. h3 a6 17. Be3 h5 18. Nh4 Qe6 19. Nf3 Ne4 20. Nxe4 Qxe4 21. c5 Qxa4 22. bxa4 dxc5 23. Bxc5 e6 24. Rb1 Na5 25. Bb6 Nc4 26. Rd7 Ne5 27. Rxb7 Rc2 28. Nxe5 Bxe5 29. Kf3 Rxa2 30. Rd1 Rxa4 31. Rdd7 Rb4 32. Ba5 Rb5 33. Be1 Rxb7 34. Rxb7 Rc8 35. Ra7 Rc1 36. Bb4 Rb1 37. Bd2 Rb3+ 38. Ke4 Bg7 39. Be3 Ra3 40. Ra8+ Kh7 41. Ra7 1/2-1/2

[Event "Kesarovski Georgiev Memorial 9th"]
[Site "Sunny Beach"]
[Date "2010.09.03"]
[Round "7"]
[White "Galunov, Todor"]
[Black "Janev, Pavel"]
[Result "1-0"]
[WhiteElo "2341"]
[BlackElo "2062"]
[PlyCount "99"]
[EventDate "2010.08.28"]
[EventType "swiss"]
[EventRounds "9"]
[EventCountry "BUL"]
[SourceTitle "CBM 138 Extra"]
[Source "ChessBase"]
[SourceDate "2010.10.29"]
[SourceVersion "1"]
[SourceVersionDate "2010.10.29"]
[SourceQuality "1"]

1. Nf3 c5 2. g3 d5 3. Bg2 Nc6 4. d4 Nf6 5. 0-0 Bg4 6. Ne5 Bf5 7. Nxc6 bxc6 8. dxc5 e5 9. c4 Bxc5 10. Nc3 d4 11. Na4 Be7 12. Bxc6+ Kf8 13. Bxa8 Qxa8 14. f3 h5 15. e3 h4 16. g4 Nxg4 17. fxg4 h3 18. Qf3 Qxf3 19. Rxf3 Bxg4 20. Rf2 Rh6 21. exd4 Rg6 22. Kf1 Bh4 23. dxe5 Bxf2 24. Kxf2 Bd7 25. Nc5 Rg2+ 26. Kf1 Bg4 27. Bf4 Be2+ 28. Ke1 Bxc4 29. Rc1 Bxa2 30. b3 g5 31. Bg3 Bb1 32. e6 Bf5 33. Bd6+ Ke8 34. e7 f6 35. Rc4 Kf7 36. Rb4 Rg1+ 37. Kd2 Rg2+ 38. Ke3 Bg4 39. Rb8 Re2+ 40. Kd4 Bh5 41. Ne4 Kg7 42. e8Q Bxe8 43. Rxe8 f5 44. Re7+ Kh8 45. Be5+ Kg8 46. Nxg5 Rd2+ 47. Ke3 Rd8 48. Ne6 Rc8 49. Rg7+ Kh8 50. Rc7+ 1-0